000 00754naa a22002297u 4500
001 16611
003 HDC
007 cr bn ---aaaaa
008 210221t200905 xx 000 0 eng
040 _aHDC
245 0 _aHALAL MEAT IMPORTS IN GCC COUNTRIES
260 _a[No place] :
_b[publisher not identified],
_c[no date]
336 _atext
_2rdacontent
337 _acomputer
_2rdamedia
338 _aonline resource
_2rdacarrier
650 _aHalal food industry
_9128
650 _aMeat industry and trade
_9161
856 _zRequest full-text at [email protected]
942 _2lcc
942 _cEIJ
942 _kEMAG 000554
999 _c13927
_d13927